| 000 | 00778nam a22001817a 4500 | ||
|---|---|---|---|
| 003 | OSt | ||
| 005 | 20240615104437.0 | ||
| 008 | 240615b ||||| |||| 00| 0 eng d | ||
| 040 | _cAIMIT LIBRARY | ||
| 100 |
_aB K Kshama. _e2116084 _9170956 |
||
| 245 |
_aStudy on the impact of employee perception towards organizational culture and leadership style on employee engagement and job satisfaction with reference to arvind fashion ltd Bangalore / _cBy Kshama B K ; Guided by Vasantha G. |
||
| 260 |
_aBangalore ; _c2023. |
||
| 650 |
_aIndustry profile company profile and theoretical background of the study _9170957 |
||
| 650 |
_aData analysis and interpretation _9170958 |
||
| 700 |
_aG Vasantha. _eGuide _9170959 |
||
| 856 | _3Arvind lifestyle brands limited | ||
| 942 |
_2ddc _cPRO |
||
| 999 |
_c231193 _d231193 |
||